Introducción a la arqueología prehistórica

Guardat en:
Dades bibliogràfiques
Autors principals: Hole, Frank (Autor), Hiezer, Robert F (Autor)
Format: Llibre
Idioma:espanyol
Publicat: Madrid Fondo de Cultura Económica 1977
Matèries:
Etiquetes: Afegir etiqueta
Sense etiquetes, Sigues el primer a etiquetar aquest registre!

MARC

LEADER 00000nam a2200000 a 4500
001 UCP7870
003 CL-VaPUC
008 000106e19770000SP |||||||||||||||||spa|d
082 0 4 |a 930.1  |b HOL  |2 21 
100 0 |a Hole, Frank  |e author  |9 437531 
700 0 |a Hiezer, Robert F  |e author  |9 437532 
245 1 0 |a Introducción a la arqueología prehistórica 
300 |a 319 p 
942 |c BK 
945 |d 20000106 00:00:00  |a rherrera 
260 |a Madrid  |b Fondo de Cultura Económica  |c 1977 
650 0 |a Arqueología prehistórica  |9 437528 
650 0 |a Historia  |9 255047 
650 0 |a Métodos de estudio  |9 260518 
650 7 |a LUGARES DE INTERES ARQUEOLOGICOSEXCAVACIONES  |2 CL-VaPUC  |9 437534 
650 7 |a INTERPRETACION ARQUEOLOGICA  |2 CL-VaPUC  |9 342695 
583 |a last modification  |c 20000106 00:00:00  |k Rodrigo Vera 
999 |c 284908  |d 284906 
952 |0 0  |1 0  |4 0  |6 930_100000000000000_HOL_1977  |7 0  |8 A  |9 329210  |a BIBHIS  |b BIBHIS  |d 2019-11-20  |i 137771K  |o 930.1 HOL 1977  |p 137771K  |r 2025-01-20  |w 2019-11-20  |y BK  |k HIS